000 00774cab a2200253 4500
001 ABS54955
008 090401t1996 xxu||||| |||| 00| 0 eng d
035 _a(Sirsi) u13347
041 _aeng
245 _aPublic treasurer
260 _c1996
300 _aLOAN
350 _a0
490 _aLocal Government Chronicle
_vSupplement May 1996, (20)
520 _aFinance and investment in local authorities, with articles on pension investment, REIMs, actuarial valuation survey and supermarkets.
650 _aACTUARIAL VALUATIONS
650 _aLOCAL AUTHORITIES
650 _aPENSION INVESTMENT
650 _aREAL ESTATE INVESTMENT MARKET
650 _aSUPERMARKETS
690 _aPROPERTY-PROPERTY FINANCE AND INVESTMENT
942 _n0
948 _c04/03/1997
999 _c8604
_d8604